000 01181nam0a22003131 4500
001 rc\4159048
005 20130415184903.3
035 _a(NLR Aleph) 007994973
090 _a8603334
_c8603334
100 _a20130415d1946 |||y0rusy50 ca
101 0 _arus
102 _aRU
105 _aa z |||||
200 1 _aРаспространение сильных взрывных волн
_f[Ин-т механики. Акад. наук Союза ССР]
210 _aБ. м.
_cБ. и.
_d1946
215 _a241-250 с.
_cчерт.
_d26
300 _aАвт. и загл. также на англ. яз.
300 _aРезюме на англ. яз.
300 _aИз: "Прикладная математика и механика". 1946. Т. 10. Вып. 2. С. 241-250, с черт.
300 _aПеред загл.: Л.И. Седов
300 _aБез тит. л.
300 _aОписано по обл.
320 _aБиблиогр.: Литература: с. 250
700 1 _aСедов
_bЛ. И.
_f1907-
_gЛеонид Иванович
801 0 _aRU
_bNLR
_gpsbo
801 1 _aRU
_bELAR
_2rusmarc
852 _aNLR
_jМх02 Г-8/53
942 _cBOOK
980 _aNB